La vida cotidiana en el Perú en tiempos de los españoles, 1710-1820 (Registro nro. 17024)

Detalles MARC
000 -CABECERA
Longitud fija campo de control 00626nam a22001931 4500
003 - IDENTIFICADOR DELl NÚMERO DE CONTROL
Identificador del número de control OSt
005 - FECHA Y HORA DE LA ÚLTIMA TRANSACCIÓN
Fecha y hora de la última transacción 20150113171228.0
008 - CÓDIGOS DE INFORMACIÓN DE LONGITUD FIJA
Códigos de información de longitud fija 010710s1962 ag spa
040 ## - FUENTE DE LA CATALOGACIÓN
Centro transcriptor BMC
082 ## - NÚMERO DE LA CLASIFICACIÓN DECIMAL DEWEY
Númeroo de clasificación 985.03
100 1# - PUNTO DE ACCESO PRINCIPAL-NOMBRE DE PERSONA
Nombre de persona Descola, Jean
9 (RLIN) 29839
245 13 - MENCIÓN DE TÍTULO
Título La vida cotidiana en el Perú en tiempos de los españoles, 1710-1820
Mención de responsabilidad, etc. Jean Descola ; [traducción, Gabriela de Civiny]
260 ## - PUBLICACIÓN, DISTRIBUCIÓN, ETC. (PIE DE IMPRENTA)
Lugar de publicación, distribución, etc. Buenos Aires
Nombre del editor, distribuidor, etc. Hachette
Fecha de publicación, distribución, etc. 1962
300 ## - DESCRIPCIÓN FÍSICA
Extensión 290 p.
Otras características físicas il.
Dimensiones 22 cm
490 ## - MENCIÓN DE SERIE
Mención de serie Nueva Colección Clío
651 24 - PUNTO DE ACCESO ADICIONAL DE MATERIA - NOMBRE GEOGRÁFICO
Nombre geográfico Perú
Subdivisión de materia general Historia
Subdivisión cronológica 1548-1820 (Época colonial)
9 (RLIN) 29838
700 1# - PUNTO DE ACCESO ADICIONAL - NOMBRE DE PERSONA
Nombre de persona Civiny, Gabriela‏ de
9 (RLIN) 28683
942 ## - ENTRADA DE ELEMENTOS AGREGADOS (KOHA)
Fuente de clasificaión o esquema Dewey Decimal Classification
Koha [por defecto] tipo de item 1- Monografias
Existencias
Suprimido Perdido Fuente de clasificación o esquema Estropeado Restricciones de uso No para préstamo Código de colección Localización permanente Localización actual Localización en estanter&íacute;as Fecha adquisición Fuente de adquisición Número de inventario Préstamos totales Signatura completa Código de barras Fecha última consulta Fecha del precio de reemplazo Tipo de item de Koha
NULL NULL Dewey Decimal Classification NULL Prestable NULL NULL Biblioteca Miguel de Cervantes - UNICAES Biblioteca Miguel de Cervantes - UNICAES Sala Principal 05/01/2015 Donación - Mayorga Rivas 026382   985.03 DES vid 1026792 05/01/2015 05/01/2015 1- Monografias